000 00651nam a2200229Ia 4500
003 OSt
005 20220928130334.0
006 a|||||r|||| 00| 0
007 ta
008 220927b |||||||| |||| 00| 0 eng d
024 _a64784
037 _cReference Collections
040 _aSDCL
_cSDCL
_beng
041 _2eng
_aeng
082 _aQ7f, P2 RR
100 _aKennedy Huge Ed.
_9473611
245 0 _aHistorical atlas of Islam
_b Atlas historique de L'Islam
260 _aLeiden
_bBrill
_c2002
300 _axx,86p.
_ccm.
942 _hQ7f, P2 RR
_cREF
_2CC
999 _c786153
_d786153